000 00675nam a2200229Ia 4500
003 GCL
008 140319s9999 xx 000 0 ara d
040 _aGCL /
_cGCL
082 0 4 _a415
_bع ن
100 1 _aعبدالقادر المهيرى
245 1 0 _aنظرات فى التراث اللغوى العربى /
_cعبدالقادر المهيرى
260 _a[S.N] :
_bدار الغرب الاسلامى ،
_c1993
300 _a254 ص
490 _a
650 0 4 _aتاريخ
650 0 4 _aالنحو
650 0 4 _aاللغة العربية
650 0 4 _aالبلاغة العربية
650 0 4 _aالنطق
650 0 4 _aاللغويون
942 _2ddc
_cBK
999 _c29235
_d29235